| 000 | 01492nab a22002897a 4500 | ||
|---|---|---|---|
| 999 |
_c6335 _d6335 |
||
| 003 | OSt | ||
| 005 | 20260130212347.0 | ||
| 008 | 190603e xxum|||| |||| 00| 0 spa d | ||
| 040 | _cPJ | ||
| 100 |
_97003 _aSaruwatari Zavala, Garbiñe |
||
| 245 | 1 | 0 |
_aSharenting : _bdesafío a la protección del derecho a la privacidad de los niños, niñas y adolescentes / _cGarbiñe Saruwatari Zavala, Fernanda M. Ledesma y Claude Vergès. |
| 260 |
_cCiudad Autónoma de Buenos Aires : _aThomson Reuters La Ley, _b2025. |
||
| 300 | _ap. 110-124 | ||
| 500 | _aCita: TR LALEY AR/DOC/2270/2025 Publicado en: RCCyC 2025 (Octubre). | ||
| 505 | _aSumario: I. Introducción.— II. Uso de redes sociales.— III. Sharenting e inteligencia artificial.— IV. Situación problemática del sharenting.— V. Protección de datos frente al sharenting.— VI. Reflexión final. | ||
| 505 | _t¿Te interesa el texto completo? Solicitalo al correo: koha@justierradelfuego.gov.ar | ||
| 650 | 0 |
_9967 _aDERECHO DE FAMILIA |
|
| 650 | 0 |
_92741 _aDERECHOS DE LAS NIÑAS, NIÑOS Y ADOLESCENTES |
|
| 650 | 0 |
_91015 _aRESPONSABILIDAD PARENTAL |
|
| 650 | 0 |
_92724 _aDERECHO A LA INTIMIDAD |
|
| 650 | 0 |
_94109 _aREDES SOCIALES |
|
| 650 | 0 |
_95817 _aINTELIGENCIA ARTIFICIAL |
|
| 700 |
_94901 _aLedesma, Fernanda M. |
||
| 700 |
_97004 _aVergès, Claude |
||
| 773 | 0 |
_02713 _93170 _dCiudad Autónoma de Buenos Aires : Thomson Reuters La Ley, 2015- _tRevista Código Civil y Comercial. Nº 5 - Octubre 2025 |
|
| 942 |
_2udc _cANA |
||